00281nam a2200085 a 450000500170000000800410001705000220005810000330008024500820011320140408090024.0021121s19uu xx 00 eng d aPHS '00bT15 #43a aTanner, Andre Jay Marcelo M. aPerceptions of VAT high school members on the gift program of SIS S.Y. 99-00.